Diversity and the tropical rain forest

Bibliographic Details
Main Author: TERBORGH 1936-
Format: Book
Published: New York : Scientific American Library , 1992
Series:Scientific American Library series ; no. 38
Subjects:

MARC

LEADER 00000cam a2200000 7i4500
001 0000002289
005 20030523.0
020 0 0 |a 0716750309 
090 0 0 |a 574.526420913   |b TER 1992 
100 1 0 |a TERBORGH   |h John   |c 1936- 
245 1 0 |a Diversity and the tropical rain forest   |c John Terborgh 
260 0 0 |a New York :   |b Scientific American Library ,   |c 1992 
300 |a ix, 242 p. :   |b col. ill. ;   |c 25 cm. 
440 0 0 |a Scientific American Library series ; no. 38 
500 0 0 |a Includes index 
650 0 0 |a Biological diversity conservation   |x Tropics 
650 0 0 |a Biological diversity   |x Tropics 
650 0 0 |a Rain forest conservation 
650 0 0 |a Rain forest ecology 
998 |a JPSM 
999 |a 0000004156   |b Monograph   |c Open Shelf   |e Default branch